000 00399nam a2200157 a 4500
082 0 0 _a340.59
_bAHM2
100 _aAhmad, Khurshid
245 _aStudies in the Family Law of Islam
260 _aKarachi
_bChiragh-E-Rah Publications
_c1961
300 _a254p
500 _aincludes index and biblioraphy
505 2 _abibliography
650 _aIslamic-Law
700 1 _aAhmad, Khurshid
942 _cBK
999 _c2779
_d2779